| 000 | 00000nam##2200000za#4500 |
| 001 | 9.578111 |
| 003 | CaOODSP |
| 005 | 20210624185930 |
| 007 | cr ||||||||||| |
| 008 | 150406|1984||||xxc|||||o f|0| 0 eng|d |
| 022 | |a1488-5379 |
| 040 | |aCaOODSP|beng |
| 043 | |an-cn--- |
| 086 | 1 |aFs97-6/1320E-PDF |
| 110 | 1 |aCanada. |bDepartment of Fisheries and Oceans. |
| 245 | 13|aAn overview of the physical and chemical limnology of the Experimental Ponds Area, central Newfoundland, 1977-82 / |h[electronic resource]|cby P.M. Ryan and D. Wakeham. |
| 260 | |aSt. John's - Newfoundland and Labrador : |bFisheries and Oceans Canada |c1984. |
| 300 | |a62p.|bfigs., references, tables |
| 490 | 1 |aCanadian technical report of fisheries and aquatic sciences|x1488-5379|vNo. 1320 |
| 500 | |aOn t.p.: Fisheries Research Branch, St. John's, Newfoundland. The catalogue number and ISSN for the print edition appear in the PDF version. |
| 546 | |a(Résumé en français) |
| 590 | |a13-28-Supp|b2013-12-09 |
| 720 | 1 |aRyan, P. M. |
| 720 | 1 |aWakeham, D. |
| 830 | #0|aCanadian technical report of fisheries and aquatic sciences,|x1488-5379|vNo. 1320|w(CaOODSP)9.504449 |
| 856 | 40|ahttp://publications.gc.ca|qPDF|s2907 KB|uhttps://publications.gc.ca/collections/collection_2013/mpo-dfo/Fs97-6-1320-eng.pdf|yNo. 1320 |